Rights of the public employee (Record no. 29706)

MARC details
000 -LEADER
fixed length control field 00269nam a2200109Ia 4500
082 ## - DEWEY DECIMAL CLASSIFICATION NUMBER
Classification number 342.7
Item number DWO
100 ## - MAIN ENTRY--AUTHOR NAME
Personal name DWOSKIN, Robert P
245 #0 - TITLE STATEMENT
Title Rights of the public employee
260 ## - PUBLICATION, DISTRIBUTION, ETC. (IMPRINT)
Place of publication Chicago
Name of publisher ALA
Year of publication 1978
942 ## - ADDED ENTRY ELEMENTS (KOHA)
Koha item type Books
Holdings
Withdrawn status Lost status Damaged status Not for loan Home library Current library Date acquired Full call number Accession Number Koha item type
        RRII Library RRII Library 16/12/2021 342.7 DWO 10288 Books